000 01002nam a22002537a 4500
005 20170124103027.0
010 _aA-767617
020 _c60.00
_a8170138844
035 _aA-767617
037 _bCen Lib/Ret
040 _aDPL
_bHN
082 _a
_bभाटिया
100 _aभाटिया, सरला
_962520
245 _aबुझते दीप :
_cसरला भाटिया
_bकथा संग्रह /
246 _aBujhte deep : katha sangreh /
_bby Sarla Bhatiya
260 _c1996
_aदिल्ली
_bआत्माराम एंड संस
270 _aकश्मीरी गेट
_bदिल्ली
_e110006
300 _a109पृ.
_c17सेमी (सजिल्द)
650 _aहिन्दी -- साहित्य
_962521
650 _aहिन्दी -- कहानियाँ
_962522
650 _aHindi -- Literature
_962523
650 _aHindi -- Stories
_962524
942 _2ddc
_cHN
_h
_mभाटिया
999 _c115650
_d115650